Breve compendiop de la sphera y de la arte de navegar (Record no. 6661)
[ view plain ]
| 000 -CABECERA | |
|---|---|
| campo de control de longitud fija | 01012nam a2200241 a 4500 |
| 001 - NÚMERO DE CONTROL | |
| campo de control | BRCA_6980 |
| 005 - FECHA Y HORA DE LA ÚLTIMA TRANSACCIÓN | |
| campo de control | 20190320205651.0 |
| 008 - DATOS DE LONGITUD FIJA--INFORMACIÓN GENERAL | |
| campo de control de longitud fija | 221111s1945----sp-ab#####---#000-0#spa-# |
| 041 ## - CÓDIGO DE LENGUA | |
| Código de lengua del texto/banda sonora o título independiente | spa |
| 044 ## - CÓDIGO DEL PAÍS DE LA ENTIDAD EDITORA/PRODUCTORA | |
| Código MARC del país | sp |
| 050 #4 - SIGNATURA TOPOGRÁFICA DE LA BIBLIOTECA DEL CONGRESO | |
| Número de clasificación | VK551 |
| Número de documento/Ítem | .C67 |
| 245 10 - MENCIÓN DE TÍTULO | |
| Título | Breve compendiop de la sphera y de la arte de navegar |
| Resto del título | edición facsimilar de la obra que Martin Cortes redacto en Cádiz por 1545 e imprimio en Sevilla en 1551 |
| Mención de responsabilidad, etc. | introducción por Laureano Labarta Ubieto, Salvador García Franco, Julio F. Guillen y Tato. |
| 260 ## - PUBLICACIÓN, DISTRIBUCIÓN, ETC. | |
| Lugar de publicación, distribución, etc. | Zaragoza, España |
| Nombre del editor, distribuidor, etc. | Institución Fernando el Católico |
| Fecha de publicación, distribución, etc. | 1945 |
| 300 ## - DESCRIPCIÓN FÍSICA | |
| Extensión | 95 p., 21 p. |
| Otras características físicas | il., mapas |
| Dimensiones | ?? cm. |
| 500 ## - NOTA GENERAL | |
| Nota general | Ejemplar numerado 380 de 500. |
| 500 ## - NOTA GENERAL | |
| Nota general | Edición conmemorativa del IV centenario de la redacción de este libro, en Cádiz, 1545, se publica a base del ejemplar que posee el Museo Naval de Madrid |
| 500 ## - NOTA GENERAL | |
| Nota general | O213 |
| 650 14 - PUNTO DE ACCESO ADICIONAL DE MATERIA--TÉRMINO DE MATERIA | |
| Término de materia o nombre geográfico como elemento de entrada | Navegación |
| 9 (RLIN) | 15772 |
| 650 14 - PUNTO DE ACCESO ADICIONAL DE MATERIA--TÉRMINO DE MATERIA | |
| Término de materia o nombre geográfico como elemento de entrada | Mapas |
| 9 (RLIN) | 10484 |
| 650 14 - PUNTO DE ACCESO ADICIONAL DE MATERIA--TÉRMINO DE MATERIA | |
| Término de materia o nombre geográfico como elemento de entrada | Geografía matemática |
| 9 (RLIN) | 15780 |
| 902 ## - CATALOGADOR | |
| Iniciales | GFM |
| 942 ## - ELEMENTOS DE PUNTO DE ACCESO ADICIONAL (KOHA) | |
| Fuente del sistema de clasificación o colocación | Library of Congress Classification |
| Tipo de ítem Koha | Libros |
| Estado de retiro | Estado de pérdida | Estado dañado | No para préstamo | Localización permanente | Ubicación/localización actual | Fecha de adquisición | Número de inventario | Total de préstamos | Signatura topográfica completa | Código de barras | Fecha visto por última vez | Precio válido a partir de | Tipo de ítem Koha |
|---|---|---|---|---|---|---|---|---|---|---|---|---|---|
| El ejemplar forma parte de la colección y puede ser consultado según las políticas vigentes. | Biblioteca del Museo Franz Mayer (Rogerio Casas-Alatriste) | Biblioteca del Museo Franz Mayer (Rogerio Casas-Alatriste) | 22/11/2011 | O213 | VK551 .C67 (O213) | 7427 | 22/03/2019 | 22/03/2019 | Libros |